000 00970 a2200193 4500
001 125090
020 _a9788510014441
040 _cEscola Canadense de Niteroi
090 _aRAM-R3
100 _aSantos, Lielba
245 1 0 _aA Revolta Dos Livrinhos
260 _aSão Paulo
300 _bil.
_c4 x 0.5 x 17 cm
362 0 _a1992
520 _aNa Escola Recriar, tudo parecia normal: os alunos frequentavam as aulas e, nos momentos de lazer, divertiam-se na sala de TV, no salão de jogos, no parquinho… Mas por que a biblioteca ficava sempre tão vazia? A escola nunca mais foi a mesma depois que os livros resolveram protestar contra o abandono que sofriam e mostrar a importância que deveriam ter na vida de todos. Esta é a história de uma verdadeira revolução na qual os livros mostram que são fundamentais, desde cedo, para ajudar a formar pessoas mais preparadas para a vida.
650 4 _aLiteratura Infantil
650 4 _aLeitura
942 _cBK
999 _c125090
_d125090